Building institutional and organizational developments for land administration (Record no. 116218)
[ view plain ]
| 000 -LEADER | |
|---|---|
| fixed length control field | 01378cad a22002535a 4500 |
| 001 - CONTROL NUMBER | |
| control field | L160102 |
| 008 - FIXED-LENGTH DATA ELEMENTS--GENERAL INFORMATION | |
| fixed length control field | 100611s2009 xxk f 000 0 eng d |
| 035 ## - SYSTEM CONTROL NUMBER | |
| System control number | (Sirsi) u160102 |
| 041 0# - LANGUAGE CODE | |
| Language code of text/sound track or separate title | eng |
| 110 2# - MAIN ENTRY--CORPORATE NAME | |
| Corporate name or jurisdiction name as entry element | Federation International Des Geometres |
| 111 2# - MAIN ENTRY--MEETING NAME | |
| Meeting name or jurisdiction name as entry element | FIG / World Bank Conference Washington DC, USA |
| Date of meeting or treaty signing | 9 - 10 March 2009 |
| 245 00 - TITLE STATEMENT | |
| Title | Building institutional and organizational developments for land administration |
| Medium | [electronic resource] |
| 260 ## - PUBLICATION, DISTRIBUTION, ETC. | |
| Place of publication, distribution, etc. | Washington |
| Name of publisher, distributor, etc. | FIG |
| Date of publication, distribution, etc. | 2009 |
| 520 ## - SUMMARY, ETC. | |
| Summary, etc. | Describes how a Task Force on Institutional and Organisational Development has developed a capacity assessment model into an assessment template which can be used by organisations and nations to highlight their strengths and weaknesses. The paper also presents, as a basis for further discussion and refinement, a series of key organisational elements which the Task Force believes need to be in place for organisations forming part of land administration systems to work effectively. |
| 521 ## - TARGET AUDIENCE NOTE | |
| Target audience note | Advanced |
| 590 ## - LOCAL NOTE (RLIN) | |
| Local note | KA |
| 650 24 - SUBJECT ADDED ENTRY--TOPICAL TERM | |
| Topical term or geographic name entry element | ASSESSMENT SCHEMES |
| 650 24 - SUBJECT ADDED ENTRY--TOPICAL TERM | |
| Topical term or geographic name entry element | LAND ADMINISTRATION |
| 651 #4 - SUBJECT ADDED ENTRY--GEOGRAPHIC NAME | |
| Geographic name | International |
| 690 ## - LOCAL SUBJECT ADDED ENTRY--TOPICAL TERM (OCLC, RLIN) | |
| Topical term or geographic name as entry element | Land use |
| 9 (RLIN) | 6251 |
| 700 1# - ADDED ENTRY--PERSONAL NAME | |
| Personal name | Greenway, Iain |
| 856 40 - ELECTRONIC LOCATION AND ACCESS | |
| Uniform Resource Identifier | <a href="https://www.rics.org/Global/Downloads/RICS_FIG_Building_Institutional_and_Oragnisational_Capacity_for_Land.pdf">https://www.rics.org/Global/Downloads/RICS_FIG_Building_Institutional_and_Oragnisational_Capacity_for_Land.pdf</a> |
| Public note | View the document free of charge at www.rics.org |
| 942 ## - ADDED ENTRY ELEMENTS (KOHA) | |
| Suppress in OPAC | 0 |
| Withdrawn status | Lost status | Source of classification or shelving scheme | Damaged status | Not for loan | Home library | Current library | Shelving location | Date acquired | Total Checkouts | Full call number | Barcode | Date last seen | Copy number | Price effective from | Koha item type |
|---|---|---|---|---|---|---|---|---|---|---|---|---|---|---|---|
| Dewey Decimal Classification | Virtual | Virtual | Online | 24/05/2018 | ONLINE PUBLICATION | 160102-2001 | 06/08/2019 | 1 | 06/08/2019 | Book |